000 00788nam a2200277Ia 4500
001 Para_170
003 CHAP
008 220125s1992 xx 000 0 und d
010 _a198688
040 _cCHAP
090 _aPA FOLLETO 3139
110 _aEscuela Agrícola Panamericana
_937593
245 _aFactores que afectan las aplicaciones de plaguicidas /
_c por EAP y Lastres M. Lorena
260 _aTegucigalpa, Honduras :
_b Zamorano
300 _a2 p.
410 _aEl melonero; 10
650 _aPesticidas
_x Aplicación
_987539
700 _aI. Lastres, M. Lorena
_9163969
901 _aPA FOLLETO 3139
902 _aA
905 _a0000001992 0000000000 00
910 _a1992
942 _cPARA
942 _cPARA
_d1
999 _c198688
_d198688